| 000 | 00350nam a2200133Ia 4500 | ||
|---|---|---|---|
| 008 | 191014s9999 xx 000 0 und d | ||
| 020 | _a0-521093902 | ||
| 082 |
_a574.4 _bBON |
||
| 100 |
_aJ. T.Bonner _920270 |
||
| 245 | 0 | _aDarcy Thompson On Growth and Form | |
| 260 |
_aLondon _bCambridge University Press _c1984 |
||
| 300 | _aXiv,345 | ||
| 942 | _cBK | ||
| 999 |
_c530840 _d530840 |
||